00807 2200301 4500001002100000005001500021035002000036007000300056008004100059040001700100100001300117245007500130250001000205300003600215504002900251020002200280041000800302082001100310084001700321090002100338260003000359500002400389650002000413700002000433850001000453990002200463990002000485INLIS00000000000302220260529104609 a0010-0221000043ta260529 0  aSBPUPADbind0 aEriyanto1 aTeknik Sampling :bAnalisis Opini Publik /cEriyanto ; editor, Andoble aCet.1 axii, 341 hlm. :bilus. ;c21 cm abibliografi, hlm 343-345 a978-979-1283-06-9 aind a303.38 a303.38 ERI t a303.38 ERI t 8-2 aYogyakarta :bLKIS,c2007 aIndeks, hlm 347-349 4aTeknik Sampling aeditor, Andoble aPUPAD a23.541/H/DPK/2017 a23.540/H/DPK/17